Divide and quit. (Record no. 412367)

000 -LEADER
fixed length control field 00452cam a22001457a 4500
008 - FIXED-LENGTH DATA ELEMENTS--GENERAL INFORMATION
fixed length control field 180718b1961 xxu||||| |||| 00| 0 eng d
082 ## - DEWEY DECIMAL CLASSIFICATION NUMBER
Classification number A6x5408 M778 c.2
100 ## - MAIN ENTRY--PERSONAL NAME
Personal name Moon, Penderel
245 ## - TITLE STATEMENT
Title Divide and quit.
Statement of responsibility, etc. by Penderel Moon
260 ## - PUBLICATION, DISTRIBUTION, ETC.
Place of publication, distribution, etc. London
Name of publisher, distributor, etc. Chatto & Windus
Date of publication, distribution, etc. 1961
300 ## - PHYSICAL DESCRIPTION
Extent 302p
650 ## - SUBJECT ADDED ENTRY--TOPICAL TERM
Topical term or geographic name entry element Bahawalpur, Pakistan (State) -Social conditions.
650 ## - SUBJECT ADDED ENTRY--TOPICAL TERM
Topical term or geographic name entry element India -Politics and government -1919-1947
650 ## - SUBJECT ADDED ENTRY--TOPICAL TERM
Topical term or geographic name entry element Refugees, East Indian
Holdings
Withdrawn status Lost status Damaged status Not for loan Permanent Location Current Location Date acquired Full call number Barcode Date last seen Price effective from Koha item type
        Indian Institute of Public Administration Indian Institute of Public Administration 2009-02-05 A6x5408 M778 c.2 29151 2018-07-21 2018-07-21 Book

Powered by Koha